00392pab a2200157 454500008004000000100001600040245005300056260000900109300001300118362001100131650001600142650002400158650001400182700001800196773002000214180718b2017 xxu||||| |||| 00| 0 eng d aGupta, R.K. aAcademic excellence through innovative practices c2017 ap.42-46. a04 Dec aInnovations aEducational quality aEducation aKumar, Vishal aUniversity News